00649nam a22002057a 450000500170000001000150001702000270003203500140005903700090007308200080008210000320009024500470012225000060016926000360017527000470021130000180025894200220027699900190029895201260031720240503120650.0 aENG-140271 c200.00 a9788195664856 aEN-123803 bDBAD a881 aHansdak, Ivy Imogene965577 aThe Prism of Life/cBy Ivy Imogene Hansdak a1 c2022aKolkatabWriters Workshop a162/42, Lake GardensbWest Bengale700 045 a61p.;c22(HB) 2ddccENh881mHAN c202614d202614 001040708NFICaCJbCJd2024-05-03eDBADg200.00l0o881 HANpEN-123803r2024-05-03 00:00:00t1v200.00w2024-05-03yEN